000
00292nam a2200109Ia 4500
008
190216s9999||||xx |||||||||||||| ||und||
100
_a
Vidvan K Prakasham
245
0
_a
"Vyasamahabharatham Vol 10 To 15.17,19,21,22"
260
_b
Vyasabhavan Palazhi
650
_a
Essay Malayalam
942
_c
BK
999
_c
25071
_d
25071